000 00326nam a22001337a 4500
003 OSt
005 20160727222455.0
008 160705b xxu||||| |||| 00| 0 eng d
100 _92141
_a Cassel, J.F
245 _aTarahumara Indians
260 _aTexas
_b The Mayor Com
_c1969
300 _aTarahumara Indians
942 _2ddc
_cBK
999 _c1836
_d1836